Wenn du geredet hättest, Desdemona / Cassette 2 von 2 Cassetten

Uložené v:
Podrobná bibliografia
Hlavný autor: Brückner, Christine (Author)
Ďalší autori: Mattes, Eva (Narrator), Schwarz, Libgart (Narrator), Wimmer, Maria nrt
Médium: Zvuková nahrávka
Jazyk:German
Vydané: Stuttgart : Der HörVerlag, 1995.
Edícia:Literatur
ISBN: 3895840343
Fyzický popis: Audiocassette T 96/581 (Laufzeit ca. 115 Min.).
Tagy: Pridať tag
Žiadne tagy, Buďte prvý kto otaguje tento záznam!

MARC

LEADER 00000nim a2200000 a 4500
001 000482021
003 SVKKK
005 20100524084147.0
008 100513s1995 gw || ger d
020 |a 3895840343 
028 0 0 |a 034  |b Der HörVerlag 
040 |a SVK  |b ger  |c SVK  |e AACR2 
041 0 |a ger 
044 |a gw  |c DE 
080 |a 830-2  |2 GI 
100 1 |a Brückner, Christine  |4 aut  |4 aut 
245 1 0 |a Wenn du geredet hättest, Desdemona /  |n Cassette 2 von 2 Cassetten  |h Audioaufnahme  |c Christine Brückner ; Eva Mattes, Libgart Schwarz, Maria Wimmer. 
260 |a Stuttgart :  |b Der HörVerlag,  |c 1995. 
300 |a Audiocassette T 96/581 (Laufzeit ca. 115 Min.). 
490 1 |a Literatur 
700 1 |a Mattes, Eva  |4 nrt 
700 1 |a Schwarz, Libgart  |4 nrt 
700 1 |a Wimmer, Maria  |a nrt 
830 0 |a Literatur 
910 |a svkkk 
919 |a 3-89584-034-3 
998 |a AM 
090 |g SCKGI  |k Študovňa GI  |a 830-2 BRUE b  |j T 96/581  |i G2720007895  |s Vyradená 
924 |a AVM